000 01236cam a2200325 a 4500
001 15068677
003 OSt
005 20170227110518.0
008 071102s2009 caua 001 0 eng
010 _a 2007940739
020 _a9780495389736
020 _a0495389730
040 _aDLC
_cDLC
_dDLC
050 0 0 _aQA154.3
_b.T88 2009
100 1 _aTussy, Alan S.,
_d1951-
245 1 0 _aIntermediate algebra /
_cAlan S. Tussy, R. David Gustafson.
250 _a4th ed.
260 _aBelmont, CA :
_bBrooks/Cole, Cengage Learning,
_cc2009.
300 _axxiv, 1033, 49, 6 p. :
_bill. (some col.) ;
_c27 cm.
500 _aIncludes indexes.
650 0 _aAlgebra
_vTextbooks.
700 1 _aGustafson, R. David
_q(Roy David),
_d1936-
856 4 2 _3Publisher description
_uhttp://www.loc.gov/catdir/enhancements/fy1212/2007940739-d.html
856 4 1 _3Table of contents only
_uhttp://www.loc.gov/catdir/enhancements/fy1212/2007940739-t.html
856 4 2 _3Contributor biographical information
_uhttp://www.loc.gov/catdir/enhancements/fy1302/2007940739-b.html
906 _a7
_bcbc
_corigcop
_d3
_eepcn
_f20
_gy-gencatlg
942 _2lcc
_cBK
999 _c255763
_d255762